Microeconomia, teoría y aplicaciones (Registro nro. 994)

Detalles MARC
000 -LEADER
fixed length control field 01422 a2200253 4500
001 - CONTROL NUMBER
control field 22377
005 - DATE AND TIME OF LATEST TRANSACTION
control field 20260407155514.0
008 - FIXED-LENGTH DATA ELEMENTS--GENERAL INFORMATION
fixed length control field 260407a1992 arg spa d
003 - CONTROL NUMBER IDENTIFIER
control field AR-UNSa-BCEJYS
040 ## - CATALOGING SOURCE
Original cataloging agency AR-UNSa-BCEJYS
Language of cataloging spa
Transcribing agency AR-UNSa-BCEJYS
080 ## - UNIVERSAL DECIMAL CLASSIFICATION NUMBER
Universal Decimal Classification number 330.101.542
Common auxiliary subdivision Microeconomía
020 ## - INTERNATIONAL STANDARD BOOK NUMBER
International Standard Book Number 978-968-880-353-0
100 1# - MAIN ENTRY--PERSONAL NAME
Personal name Hirshleifer, Jack
245 10 - TITLE STATEMENT
Title Microeconomia, teoría y aplicaciones
250 ## - EDITION STATEMENT
Edition statement 5a.ed
264 #1 - PRODUCTION, PUBLICATION, DISTRIBUTION, MANUFACTURE, AND COPYRIGHT NOTICE
Place of production, publication, distribution, manufacture México :
Name of producer, publisher, distributor, manufacturer Prentice-Hall Hispanoamericana
Date of production, publication, distribution, manufacture, or copyright notice 1992
300 ## - PHYSICAL DESCRIPTION
Extent xii, 610 p.
Dimensions 25 cm.
505 ## - FORMATTED CONTENTS NOTE
Formatted contents note 1. La naturaleza y el alcance de la economía - 2. Herramientas de trabajo - 3. Utilidad y preferencia - 4. Consumo y demanda - 5. Aplicaciones y extensiones de la teoría de la demanda - 6. La empresa de negocios - 7. Equilibrio en el mercado de productos de la empresa competitiva - 8. El monopolio - 9. La variedad y la calidad del producto - 10. El oligopolio y el comportamiento estratégico - 11. Demanda por los factores de producción - 12. La oferta de recursos y el equilibrio del mercado de factores - 13. El cambio, los costos de la transacción y el dinero - 14. La economía del tiempo - 15. La economía del bienestar: la teoría de la política económica - 16. Economía política
590 ## - LOCAL NOTE (RLIN)
Local note niveau_biblio:m niveau_hierar:0
700 1# - ADDED ENTRY--PERSONAL NAME
Personal name Glazer, Amihai
700 1# - ADDED ENTRY--PERSONAL NAME
Personal name Mascaró Sacristán, Pilar
700 1# - ADDED ENTRY--PERSONAL NAME
Personal name Rodas Carpizo, Alejandro Roberto
942 ## - ADDED ENTRY ELEMENTS (KOHA)
Koha item type
Existencias
Withdrawn status Lost status Damaged status Not for loan Home library Current library Shelving location Date acquired Total checkouts Full call number Barcode Date last seen Price effective from Koha item type
        Biblioteca Prof. Eusebio Cleto del Rey Biblioteca Prof. Eusebio Cleto del Rey   07/04/2026   330.101.542 H669 5ed. L70297 07/04/2026 07/04/2026 Libro
        Biblioteca Prof. Eusebio Cleto del Rey Biblioteca Prof. Eusebio Cleto del Rey   07/04/2026   330.101.542 H669 5ed. L70295 07/04/2026 07/04/2026 Libro
        Biblioteca Prof. Eusebio Cleto del Rey Biblioteca Prof. Eusebio Cleto del Rey   07/04/2026   330.101.542 H669 5ed. L70296 07/04/2026 07/04/2026 Libro
        Biblioteca Prof. Eusebio Cleto del Rey Biblioteca Prof. Eusebio Cleto del Rey   07/04/2026   330.101.542 H669 5ed. L70202 07/04/2026 07/04/2026 Libro
        Biblioteca Prof. Eusebio Cleto del Rey Biblioteca Prof. Eusebio Cleto del Rey   07/04/2026   330.101.542 H669 5ed. L70203 07/04/2026 07/04/2026 Libro